000 00415nam a22001817a 4500
005 20170920121814.0
008 170401b xxu||||| |||| 00| 0 eng d
020 _a978-93-5260-188-2
041 _aeng
082 _a621.43
100 _aGANESAN,V
_93744
245 _aINTERNAL COMBUSTION ENGINES
250 _a4th
260 _bMCGRAW HILL
_c2012
300 _a730
650 _aENGINEERING
_93962
942 _cBK
999 _c5368
_d5366